000 00378nam a2200169Ia 4500
100 _aOnkar Singh
650 _aThermodynamics
942 _cBK
366 _f17.5
654 _athermodynamics
245 _aEngineering thermodynamics
260 _bNew Age Int (P) Ltd
_aMumbai
_c2006
082 _a621.4021/ONK
_bONK
300 _a563
546 _aENGLISH
999 _c29797
_d29797